[Event "9th Lost Boys op"]
[Site "Amsterdam NED"]
[Date "2001.08.13"]
[Round "4"]
[White "Nemet, Ivan"]
[Black "Larsen, Karsten"]
[Result "0-1"]
[WhiteElo "2427"]
[BlackElo "2300"]
[EventDate "2001.08.10"]
[PlyCount "200"]

1.d4 Nf6 2.Nf3 g6 3.c4 Bg7 4.Nc3 d6 5.e4 O-O 6.Be2 e5 7.O-O Nc6 8.d5 Ne7 
9.Ne1 Nd7 10.Be3 f5 11.f3 f4 12.Bf2 g5 13.Rc1 Ng6 14.c5 Nxc5 15.b4 Na6 16.
Nb5 b6 17.Nd3 h5 18.Be1 Rf7 19.Nf2 Bh6 20.Rc4 Rg7 21.h3 Nf8 22.Qd3 Nh7 23.
Bd2 Nf6 24.Rfc1 g4 25.fxg4 hxg4 26.hxg4 Bg5 27.Be1 Bh4 28.g5 Bxg5 29.Nh3 
Bxh3 30.Qxh3 f3 31.Bxf3 Be3+ 32.Kf1 Bxc1 33.Rxc1 Qe8 34.a4 Qg6 35.Qe6+ Kh8
36.Bh4 Rf8 37.Ke2 Nh5 38.Qxg6 Nf4+ 39.Ke3 Nxg6 40.Bg5 Rh7 41.Rc4 Nh4 42.
Bxh4 Rxh4 43.Nxa7 Rh1 44.Nc6 Re1+ 45.Kd3 Ra1 46.Rc3 Rxa4 47.Kc4 Ra8 48.Bd1
Ra1 49.Rh3+ Kg7 50.Rg3+ Kh6 51.Bc2 Rc1 52.Kb3 Re8 53.Kb2 Re1 54.Rc3 Re2 
55.g3 Rg2 56.Kb3 Nb8 57.Na7 Re7 58.Nb5 Na6 59.Bd1 Kg5 60.Rf3 Kg6 61.Nc3 
Rf7 62.Re3 Rff2 63.Be2 Nb8 64.Bb5 Kf7 65.Nd1 Rd2 66.Rf3+ Kg8 67.Nc3 Rdf2 
68.Re3 Rf7 69.Kc4 Rg7 70.Ne2 Kf8 71.Bc6 Ke7 72.Kb5 Nd7 73.Bb7 Kd8 74.Kc6 
Nb8+ 75.Kb5 Nd7 76.Bc6 Nf6 77.Nc1 R7xg3 78.Re1 Rg1 79.Ne2 Rxe1 80.Nxg3 
Nxe4 81.Nf5 Ng5 82.Kc4 Re4+ 83.Kc3 Rf4 84.Ng7 Rf8 85.b5 Rg8 86.Nf5 Rh8 87.
Kd3 Rh3+ 88.Ke2 Ne4 89.Ng7 Nc5 90.Nf5 Rh5 91.Ne3 Ke7 92.Kf3 Rg5 93.Ng4 Rg7
94.Ne3 Rf7+ 95.Ke2 Ne4 96.Bb7 Nc3+ 97.Kd3 Nxb5 98.Bc8 Nd4 99.Bh3 b5 100.
Bg4 b4 0-1

[Event "9th Lost Boys op"]
[Site "Amsterdam NED"]
[Date "2001.08.13"]
[Round "4"]
[White "Nep, Ron"]
[Black "Roebers, Jan"]
[Result "1-0"]
[WhiteElo "2424"]
[BlackElo "2303"]
[EventDate "2001.08.10"]
[PlyCount "81"]

1.Nf3 g6 2.d4 Bg7 3.c4 f5 4.g3 Nf6 5.Bg2 O-O 6.O-O d6 7.Nc3 c6 8.Rb1 Qe8 
9.d5 c5 10.b3 Na6 11.Bb2 Nc7 12.a4 b6 13.Re1 a6 14.e4 fxe4 15.Ng5 e3 16.
Rxe3 Ng4 17.Re2 Rb8 18.Nce4 Ne5 19.f4 Nf7 20.Nxf7 Bxb2 21.Nexd6 Bd4+ 22.
Qxd4 cxd4 23.Nxe8 Rxe8 24.Ne5 Bf5 25.Rd1 d3 26.Re3 Kf8 27.g4 Bc8 28.Rexd3 
a5 29.h3 Na6 30.Re3 Nc5 31.Rde1 Bd7 32.Be4 Rbd8 33.Bc2 e6 34.Nxd7+ Rxd7 
35.dxe6 Rd2 36.e7+ Kf7 37.Be4 Nxe4 38.Rxe4 Rd6 39.Kf2 Rd3 40.R1e3 Rd2+ 41.
Kg3 1-0

[Event "9th Lost Boys op"]
[Site "Amsterdam NED"]
[Date "2001.08.13"]
[Round "4"]
[White "Dutreeuw, Marc"]
[Black "De Jong, Migchiel"]
[Result "1-0"]
[WhiteElo "2390"]
[BlackElo "2273"]
[EventDate "2001.08.10"]
[PlyCount "100"]

1.e4 e6 2.d4 d5 3.Nc3 Bb4 4.e5 Ne7 5.a3 Bxc3+ 6.bxc3 c5 7.Qg4 Qc7 8.Bd3 
Kf8 9.Bd2 b6 10.Nf3 Ba6 11.dxc5 bxc5 12.O-O Bxd3 13.cxd3 Nd7 14.Rab1 Kg8 
15.Qa4 Qc6 16.Qxc6 Nxc6 17.Bf4 h6 18.Rb7 Nb6 19.Rc7 Rc8 20.Rxc8+ Nxc8 21.
Rb1 g5 22.Be3 g4 23.Ne1 d4 24.Bf4 Nb6 25.cxd4 Nxd4 26.Kf1 Kg7 27.Rc1 Rc8 
28.Be3 Nf5 29.Ke2 Nd7 30.f4 gxf3+ 31.Nxf3 Rb8 32.Rc4 Rb3 33.Bc1 h5 34.g4 
hxg4 35.Rxg4+ Kf8 36.Ra4 Rb7 37.h4 Ke8 38.Kd1 Nb6 39.Rg4 Nd5 40.Rg8+ Kd7 
41.h5 f6 42.h6 Kc6 43.Rg6 Nde7 44.Rxf6 Kd5 45.Rf8 Ng6 46.Rd8+ Kc6 47.Rg8 
Ngh4 48.Nxh4 Nxh4 49.Rg7 Rb8 50.h7 Rh8 1-0

[Event "9th Lost Boys op"]
[Site "Amsterdam NED"]
[Date "2001.08.13"]
[Round "4"]
[White "Giddins, Stephen"]
[Black "Krnic, Zdenko"]
[Result "1/2-1/2"]
[WhiteElo "2286"]
[BlackElo "2389"]
[EventDate "2001.08.10"]
[PlyCount "41"]

1.Nf3 Nf6 2.c4 g6 3.Nc3 Bg7 4.e4 O-O 5.d4 c6 6.h3 d5 7.e5 Ne4 8.Bd3 Nxc3 
9.bxc3 dxc4 10.Bxc4 b5 11.Bb3 Na6 12.O-O Nc7 13.Bg5 Be6 14.Qd2 a5 15.Bh6 
a4 16.Bxg7 Kxg7 17.Bxe6 Nxe6 18.Nh2 f5 19.exf6+ exf6 20.Rae1 Qd6 21.Nf3 
1/2-1/2

[Event "9th Lost Boys op"]
[Site "Amsterdam NED"]
[Date "2001.08.13"]
[Round "4"]
[White "Blees, Albert"]
[Black "Erwich, Marc"]
[Result "1/2-1/2"]
[WhiteElo "2377"]
[BlackElo "2263"]
[EventDate "2001.08.10"]
[PlyCount "120"]

1.Nf3 Nf6 2.d4 b6 3.c4 Bb7 4.Nc3 e6 5.a3 d5 6.cxd5 exd5 7.Bf4 Be7 8.Qa4+ 
c6 9.e3 O-O 10.Bd3 Nbd7 11.h3 Re8 12.O-O Bf8 13.Rad1 a5 14.Qc2 b5 15.a4 b4
16.Ne2 Qb6 17.b3 g6 18.Ne5 Nxe5 19.Bxe5 Nd7 20.Bg3 Bg7 21.Rc1 Rac8 22.Rfd1
c5 23.Bb5 cxd4 24.Bc7 Qe6 25.Nxd4 Bxd4 26.exd4 Re7 27.Qd2 Nc5 28.Rxc5 
Rexc7 29.Re1 Qd6 30.Rxc7 Rxc7 31.g3 Kg7 32.h4 h5 33.Re3 Bc8 34.Be2 Bf5 35.
Bf3 Rc2 36.Qe1 Rb2 37.Kg2 Rb1 38.Qe2 Qb6 39.Re8 Qxd4 40.Qe7 Be6 41.Qf8+ 
Kh7 42.Qg8+ Kh6 43.Qf8+ Qg7 44.Qc5 Rxb3 45.Bxd5 Rc3 46.Qd6 Bxd5+ 47.Qxd5 
Qf6 48.Ra8 Rc2 49.Qg5+ Qxg5 50.hxg5+ Kxg5 51.Rxa5+ f5 52.Rb5 Rb2 53.Rb6 b3
54.a5 Ra2 55.a6 b2 56.f4+ Kh6 57.Kh3 h4 58.g4 Rxa6 59.Rxb2 g5 60.fxg5+ 
Kxg5 1/2-1/2

[Event "9th Lost Boys op"]
[Site "Amsterdam NED"]
[Date "2001.08.13"]
[Round "4"]
[White "Day, Lawrence"]
[Black "Vogt, Andreas"]
[Result "1/2-1/2"]
[WhiteElo "2367"]
[BlackElo "2250"]
[EventDate "2001.08.10"]
[PlyCount "42"]

1.e4 e6 2.Qe2 Be7 3.b3 d5 4.Bb2 Nf6 5.e5 Nfd7 6.Qg4 O-O 7.f4 f5 8.Qh3 c5 
9.Nf3 Nc6 10.Rg1 Nb6 11.g4 d4 12.gxf5 exf5 13.Na3 Be6 14.Qh6 g6 15.Bc4 
Bxc4 16.Rxg6+ hxg6 17.Qxg6+ Kh8 18.Nxc4 Qd5 19.Qh6+ Kg8 20.Qg6+ Kh8 21.
Qh6+ Kg8 1/2-1/2

[Event "9th Lost Boys op"]
[Site "Amsterdam NED"]
[Date "2001.08.13"]
[Round "4"]
[White "Van Kooten, Luuk"]
[Black "Kohler, Aran"]
[Result "0-1"]
[WhiteElo "2255"]
[BlackElo "2362"]
[EventDate "2001.08.10"]
[PlyCount "62"]

1.d4 Nf6 2.c4 e6 3.Nc3 d5 4.cxd5 exd5 5.Bg5 c6 6.Qc2 Na6 7.a3 Be7 8.e3 Nc7
9.Bd3 Ne6 10.Bh4 Nh5 11.Bxe7 Qxe7 12.Nge2 g6 13.O-O-O f5 14.h3 Neg7 15.g4 
Nf6 16.Nf4 g5 17.Ng2 fxg4 18.h4 Ne6 19.hxg5 Nxg5 20.Nf4 Nh3 21.Nxh3 gxh3 
22.Bf5 Be6 23.Rxh3 O-O-O 24.Rh6 Kb8 25.Rdh1 Rdf8 26.Bxe6 Qxe6 27.Na4 Rhg8 
28.Qxh7 Qc8 29.Qe7 Ng4 30.Nc5 Nxh6 31.Nd7+ Ka8 0-1

[Event "9th Lost Boys op"]
[Site "Amsterdam NED"]
[Date "2001.08.13"]
[Round "4"]
[White "Van der Hoeven, Gert-Jan"]
[Black "Vedder, Richard"]
[Result "1-0"]
[WhiteElo "2356"]
[BlackElo "2220"]
[EventDate "2001.08.10"]
[PlyCount "65"]

1.e4 c5 2.Nf3 d6 3.d4 cxd4 4.Nxd4 Nf6 5.Nc3 a6 6.Bc4 e6 7.Bb3 Be7 8.O-O 
O-O 9.f4 Qc7 10.Qf3 Nc6 11.Be3 Bd7 12.Qg3 Nh5 13.Qf3 Nf6 14.Rae1 b5 15.a3 
Na5 16.Kh1 Nxb3 17.cxb3 Rab8 18.b4 a5 19.e5 Ne8 20.Rc1 axb4 21.Nd5 Qd8 22.
Nxb4 dxe5 23.Ndc6 Bxc6 24.Nxc6 Qc7 25.Nxe7+ Qxe7 26.Bc5 e4 27.Bxe7 exf3 
28.Rxf3 Nf6 29.Bxf8 Kxf8 30.Rb3 Nd5 31.Rc5 b4 32.g3 Ke7 33.axb4 1-0

[Event "9th Lost Boys op"]
[Site "Amsterdam NED"]
[Date "2001.08.13"]
[Round "4"]
[White "Bachofner, Andreas"]
[Black "Van Delft, Merijn"]
[Result "1-0"]
[WhiteElo "2261"]
[BlackElo "2336"]
[EventDate "2001.08.10"]
[PlyCount "139"]

1.e4 c5 2.Nf3 d6 3.d4 cxd4 4.Nxd4 Nf6 5.Nc3 Nc6 6.Bg5 e6 7.Qd2 Be7 8.O-O-O
Nxd4 9.Qxd4 O-O 10.Be2 Nxe4 11.Bxe7 Nxc3 12.bxc3 Qxe7 13.Qxd6 Qf6 14.Rd3 
Qxf2 15.Bf3 e5 16.Qxe5 Qh4 17.Bd5 Bd7 18.Qd4 Qh6+ 19.Qe3 Qa6 20.Qe7 Bc6 
21.Qd6 Qa5 22.Re1 Bxd5 23.Qxd5 Qc7 24.Qe5 Rac8 25.Qxc7 Rxc7 26.Red1 f5 27.
Rd7 Rfc8 28.R1d3 Kf8 29.Kd2 Ke8 30.R7d5 g6 31.a4 Re7 32.a5 Rc6 33.Rd8+ Kf7
34.R3d7 Rc7 35.Rd5 Kf6 36.g3 a6 37.R8d6+ Re6 38.Kd3 Rxd6 39.Rxd6+ Ke5 40.
Rb6 Rd7+ 41.Ke3 g5 42.c4 Rc7 43.Kd3 Rd7+ 44.Ke3 Rc7 45.Kd3 f4 46.gxf4+ 
gxf4 47.c3 Kf5 48.Ke2 h5 49.Rb4 Re7+ 50.Kf2 Rd7 51.c5 Rd2+ 52.Kg1 Kg4 53.
Rxb7 Kf3 54.h4 Rg2+ 55.Kh1 Rc2 56.Rg7 Rxc3 57.Rg5 Rc1+ 58.Kh2 Rc2+ 59.Kh3 
Rc1 60.Kh2 Kf2 61.Rxh5 f3 62.Re5 Kf1 63.h5 f2 64.h6 Rc4 65.Rf5 Ke1 66.Kg3 
f1=Q 67.Rxf1+ Kxf1 68.h7 Rc3+ 69.Kh2 Rc2+ 70.Kh1 1-0

[Event "9th Lost Boys op"]
[Site "Amsterdam NED"]
[Date "2001.08.13"]
[Round "4"]
[White "Mellegers, Joost"]
[Black "Pel, Bonno"]
[Result "0-1"]
[WhiteElo "2308"]
[BlackElo "2191"]
[EventDate "2001.08.10"]
[PlyCount "79"]

1.Nf3 g6 2.e4 d6 3.c4 Bg7 4.d4 Nf6 5.Nc3 O-O 6.Be2 e5 7.O-O Na6 8.Be3 c6 
9.d5 Ng4 10.Bg5 f6 11.Bh4 Nh6 12.Ne1 g5 13.Bg3 f5 14.exf5 Nxf5 15.Ne4 Nd4 
16.Bg4 cxd5 17.cxd5 Nc5 18.Bxc8 Nxe4 19.Bg4 Qa5 20.Nc2 Qxd5 21.Nxd4 exd4 
22.Bf3 Rae8 23.Re1 Qf5 24.Qb3+ d5 25.Qxb7 g4 26.Bxe4 dxe4 27.Qxa7 h5 28.
Rad1 Qf6 29.Qd7 Rd8 30.Qc7 h4 31.Rxe4 hxg3 32.Qxg3 d3 33.Rxg4 Qxb2 34.h4 
Kh8 35.h5 Qe2 36.Rf1 Qxf1+ 37.Kxf1 d2 38.Kg1 d1=Q+ 39.Kh2 Rd5 40.Rh4 0-1

[Event "9th Lost Boys op"]
[Site "Amsterdam NED"]
[Date "2001.08.13"]
[Round "4"]
[White "Haimovich, Tal"]
[Black "Delafargue, Bertrand"]
[Result "1-0"]
[WhiteElo "2304"]
[BlackElo "2150"]
[EventDate "2001.08.10"]
[PlyCount "177"]

1.d4 Nf6 2.c4 g6 3.Nc3 d5 4.Nf3 Bg7 5.e3 O-O 6.Bd2 c6 7.Rc1 Bf5 8.Qb3 Qb6 
9.Qxb6 axb6 10.cxd5 cxd5 11.Bb5 Bd7 12.Be2 Nc6 13.O-O Rfc8 14.Rfd1 e6 15.
Be1 Ne4 16.a3 Nd6 17.Nb5 Nxb5 18.Bxb5 Ne5 19.Bxd7 Nxd7 20.Bb4 Bf8 21.Bxf8 
Kxf8 22.Kf1 Ke7 23.Ke2 Nf6 24.Ne5 Ne4 25.f3 Nd6 26.h4 f6 27.Nd3 Rc4 28.
Rxc4 Nxc4 29.Rc1 Rc8 30.e4 dxe4 31.fxe4 Kd7 32.e5 f5 33.Nf4 Rc6 34.Nd3 Na5
35.Rxc6 bxc6 36.b4 Nc4 37.a4 Kc7 38.a5 bxa5 39.bxa5 Nxa5 40.Nc5 Kd8 41.
Nxe6+ Ke7 42.Nc5 Nc4 43.Kf3 Nb6 44.Na6 Nd5 45.g3 Ke6 46.Nc5+ Ke7 47.Nd3 
Nc3 48.Nb4 Kd7 49.h5 g5 50.g4 f4 51.h6 Nd5 52.Na6 Ke6 53.Ke4 Ne7 54.Nc5+ 
Kf7 55.Nd3 Kg6 56.Nf2 Kxh6 57.e6 Kg6 58.Ke5 h5 59.Kd6 Ng8 60.Kxc6 hxg4 61.
Nxg4 Kf5 62.Nh6+ Kxe6 63.d5+ Ke5 64.Ng4+ Kf5 65.d6 Kxg4 66.d7 f3 67.d8=Q 
f2 68.Qd4+ Kf3 69.Qd3+ Kg2 70.Qe4+ Kg1 71.Qg4+ Kh1 72.Qh3+ Kg1 73.Qg3+ Kf1
74.Kd5 Ke2 75.Qg4+ Ke1 76.Qb4+ Ke2 77.Qe4+ Kd1 78.Qf3+ Ke1 79.Qe3+ Kf1 80.
Ke4 Nf6+ 81.Kf3 g4+ 82.Kg3 Ne4+ 83.Kxg4 Kg2 84.Qxe4+ Kg1 85.Qe3 Kh1 86.
Qf3+ Kg1 87.Kg3 f1=Q 88.Qe3+ Kh1 89.Qh6+ 1-0

[Event "9th Lost Boys op"]
[Site "Amsterdam NED"]
[Date "2001.08.13"]
[Round "4"]
[White "Soderberg, Per"]
[Black "Cruz-Lopez Claret, Carlos"]
[Result "1/2-1/2"]
[WhiteElo "2264"]
[BlackElo "2297"]
[EventDate "2001.08.10"]
[PlyCount "52"]

1.e4 e5 2.Nf3 Nc6 3.c3 Nf6 4.d4 Nxe4 5.d5 Ne7 6.Nxe5 Ng6 7.Nxg6 hxg6 8.Qe2
Qe7 9.Bf4 d6 10.Na3 Nc5 11.O-O-O Qxe2 12.Bxe2 Be7 13.Nb5 Bd8 14.Rhe1 O-O 
15.g4 g5 16.Be3 a6 17.Nd4 Nd7 18.Nf3 Ne5 19.Nxe5 dxe5 20.Bc5 Re8 21.d6 
cxd6 22.Bxd6 Bb6 23.Bf3 e4 24.Bxe4 Bxg4 25.f3 Rxe4 26.fxe4 Bxd1 1/2-1/2

[Event "9th Lost Boys op"]
[Site "Amsterdam NED"]
[Date "2001.08.13"]
[Round "4"]
[White "Tan, Kevin"]
[Black "Ree, Hans"]
[Result "0-1"]
[WhiteElo "2184"]
[BlackElo "2421"]
[EventDate "2001.08.10"]
[PlyCount "80"]

1.e4 g6 2.d4 Bg7 3.Nc3 d6 4.Be3 a6 5.Qd2 b5 6.a3 Nd7 7.O-O-O Bb7 8.f3 Rc8 
9.Nge2 c5 10.dxc5 Nxc5 11.Kb1 Qc7 12.g4 h6 13.h4 Nf6 14.Ng3 Nfd7 15.f4 Nf6
16.Bd4 Ne6 17.Bxf6 Bxf6 18.Nge2 Nc5 19.Bg2 Qb6 20.b4 Na4 21.Nxa4 bxa4 22.
Nd4 Rc4 23.c3 O-O 24.g5 Bxd4 25.cxd4 h5 26.d5 a5 27.Ka1 axb4 28.axb4 Rfc8 
29.Rc1 Rxc1+ 30.Rxc1 Rxc1+ 31.Qxc1 Qxb4 32.Qb2 Qe1+ 33.Qb1 Qf2 34.Bf1 Qxf4
35.Bb5 a3 36.Bc6 Ba6 37.Ka2 Qxh4 38.Kxa3 Qxg5 39.Qb8+ Kg7 40.Qb4 Qe5 0-1

[Event "9th Lost Boys op"]
[Site "Amsterdam NED"]
[Date "2001.08.13"]
[Round "4"]
[White "Blokhuis, Jeroen"]
[Black "Wunnink, Michael"]
[Result "1-0"]
[WhiteElo "2341"]
[BlackElo "2215"]
[EventDate "2001.08.10"]
[PlyCount "115"]

1.e4 c5 2.Nc3 d6 3.f4 g6 4.Nf3 Bg7 5.Bc4 Nc6 6.O-O e6 7.d3 Nge7 8.Qe1 O-O 
9.f5 d5 10.Bb3 c4 11.dxc4 d4 12.f6 Bxf6 13.e5 Bxe5 14.Nxe5 dxc3 15.Qxc3 
Nxe5 16.Qxe5 Nf5 17.c3 f6 18.Qe4 Qb6+ 19.Rf2 h5 20.Bc2 e5 21.b4 Kg7 22.c5 
Qc7 23.Bd2 Bd7 24.Raf1 Rae8 25.Rxf5 gxf5 26.Rxf5 Qc6 27.Bh6+ Kf7 28.Bb3+ 
Be6 29.Qxc6 bxc6 30.Bxf8 Bxb3 31.axb3 Kg6 32.Rf1 Rxf8 33.Rd1 Rf7 34.Rd6 
Rc7 35.Kf2 Kf5 36.Ke3 h4 37.Rd8 Rg7 38.Kf2 Ke4 39.c4 a6 40.Rd6 Rb7 41.Rxc6
f5 42.Rxa6 f4 43.c6 Rg7 44.h3 Kd3 45.b5 e4 46.Ra2 f3 47.gxf3 e3+ 48.Kf1 
Rf7 49.b6 Rxf3+ 50.Kg2 Rg3+ 51.Kh2 Rf3 52.Ra1 e2 53.c7 Rf1 54.c8=Q Rxa1 
55.Qf5+ Kd2 56.Qd5+ Kc1 57.Qe4 Ra2 58.Kg1 1-0

[Event "9th Lost Boys op"]
[Site "Amsterdam NED"]
[Date "2001.08.14"]
[Round "5"]
[White "Van Wely, Loek"]
[Black "Sokolov, Ivan"]
[Result "1-0"]
[WhiteElo "2695"]
[BlackElo "2659"]
[EventDate "2001.08.10"]
[PlyCount "81"]

1.d4 Nf6 2.c4 e6 3.g3 Bb4+ 4.Bd2 Be7 5.Bg2 d5 6.Nf3 c6 7.Qc2 O-O 8.O-O 
Nbd7 9.Rd1 b6 10.Bf4 Bb7 11.Nc3 dxc4 12.Nd2 Nd5 13.Nxc4 Nxf4 14.gxf4 Nf6 
15.e3 Nd5 16.a3 Rc8 17.b4 Rc7 18.Ne5 Bd6 19.Ne4 Be7 20.Rac1 Qa8 21.Ng5 
Bxg5 22.fxg5 Qd8 23.Nf3 Qe7 24.Qd2 Rcc8 25.e4 Nc7 26.h4 Rfd8 27.Qe3 Nb5 
28.Ne5 Rc7 29.Rd3 Kh8 30.h5 Kg8 31.Rcd1 f6 32.gxf6 gxf6 33.Ng4 Kh8 34.e5 
Qg7 35.Qf4 f5 36.Nf6 c5 37.Rg3 Nxd4 38.h6 Qf7 39.Kh2 Bxg2 40.Rxg2 Rcc8 41.
Rg7 1-0

[Event "9th Lost Boys op"]
[Site "Amsterdam NED"]
[Date "2001.08.14"]
[Round "5"]
[White "Sutovsky, Emil"]
[Black "Gershon, Alik"]
[Result "1/2-1/2"]
[WhiteElo "2651"]
[BlackElo "2553"]
[EventDate "2001.08.10"]
[PlyCount "132"]

1.e4 c5 2.Nf3 d6 3.d4 cxd4 4.Nxd4 Nf6 5.Nc3 Nc6 6.Bg5 e6 7.Qd2 Be7 8.O-O-O
O-O 9.Nb3 Qb6 10.f3 a6 11.h4 Rd8 12.h5 Qc7 13.h6 g6 14.Nd4 Ne8 15.Bxe7 
Nxe7 16.Qg5 b5 17.a3 e5 18.Nf5 Bxf5 19.exf5 f6 20.Qg4 Nxf5 21.Nd5 Qf7 22.
Bd3 Nd4 23.Be4 Kh8 24.Qh4 Rac8 25.Kb1 f5 26.c3 Ne6 27.Bc2 Rc4 28.Qf2 N6c7 
29.Qa7 Rc5 30.Bb3 Qd7 31.Nxc7 Rxc7 32.Qxa6 Rb8 33.Qa5 Nf6 34.Rd2 b4 35.
cxb4 Ra7 36.Rxd6 Rxa5 37.Rxd7 Nxd7 38.bxa5 Rxb3 39.Rd1 Rb7 40.a6 Ra7 41.b4
Kg8 42.b5 e4 43.fxe4 fxe4 44.Rd6 Kf8 45.Re6 Nc5 46.Rc6 Nd7 47.Kc2 Ke7 48.
a4 Ne5 49.Rb6 Kd7 50.a5 e3 51.Rf6 Ra8 52.b6 Re8 53.Rf4 Nc6 54.Kd1 e2+ 55.
Ke1 Nxa5 56.a7 Kc6 57.Re4 Ra8 58.Re7 Kxb6 59.Rxh7 Nc6 60.Rg7 Nd4 61.Re7 
Kc5 62.h7 Kd6 63.Re4 Kd5 64.Re7 Kd6 65.Re4 Kd5 66.Re7 Kd6 1/2-1/2

[Event "9th Lost Boys op"]
[Site "Amsterdam NED"]
[Date "2001.08.14"]
[Round "5"]
[White "Gustafsson, Jan"]
[Black "Tregubov, Pavel"]
[Result "1/2-1/2"]
[WhiteElo "2535"]
[BlackElo "2617"]
[EventDate "2001.08.10"]
[PlyCount "37"]

1.d4 d5 2.c4 e6 3.Nf3 c6 4.Qc2 dxc4 5.Qxc4 Nf6 6.Bg5 b5 7.Qc2 Bb7 8.e3 
Nbd7 9.Bd3 a6 10.a4 Bb4+ 11.Nc3 c5 12.axb5 Bxf3 13.gxf3 cxd4 14.exd4 axb5 
15.O-O h6 16.Bxf6 Nxf6 17.Bxb5+ Ke7 18.Ne4 Qb6 19.Qc6 1/2-1/2

[Event "9th Lost Boys op"]
[Site "Amsterdam NED"]
[Date "2001.08.14"]
[Round "5"]
[White "Van den Doel, Erik"]
[Black "Stellwagen, Daniel"]
[Result "1-0"]
[WhiteElo "2607"]
[BlackElo "2337"]
[EventDate "2001.08.10"]
[PlyCount "107"]

1.e4 e6 2.d4 d5 3.Nc3 Nf6 4.Bg5 dxe4 5.Nxe4 Be7 6.Bxf6 gxf6 7.Nf3 b6 8.Bc4
Bb7 9.Qe2 c6 10.O-O-O Nd7 11.Rhe1 Qc7 12.Kb1 O-O-O 13.Ba6 Rhg8 14.g3 f5 
15.Ned2 h5 16.Bxb7+ Kxb7 17.c4 Bf6 18.Nb3 Rg4 19.Qf1 Nf8 20.Re2 h4 21.Red2
hxg3 22.hxg3 f4 23.Qh3 Rg8 24.g4 Ng6 25.Qg2 Kb8 26.Nc1 Rd7 27.Ne2 Rgd8 28.
Nc3 c5 29.d5 Bxc3 30.bxc3 Qb7 31.Ng5 Qc7 32.Qe4 Qe5 33.Qxe5+ Nxe5 34.dxe6 
fxe6 35.Rxd7 Rxd7 36.Rxd7 Nxd7 37.Nxe6 Ne5 38.g5 Ng6 39.Kc2 Kc8 40.Kd3 Kd7
41.Ng7 Ne5+ 42.Ke4 Nxc4 43.Kxf4 Ke7 44.Nf5+ Kf7 45.Kg4 Kg6 46.Ne7+ Kf7 47.
Nc6 Kg6 48.Nxa7 Ne5+ 49.Kf4 Nd3+ 50.Ke3 Nc1 51.a4 Kxg5 52.Nc8 Nb3 53.Nxb6 
Na5 54.Ke4 1-0

[Event "9th Lost Boys op"]
[Site "Amsterdam NED"]
[Date "2001.08.14"]
[Round "5"]
[White "Solleveld, Maarten"]
[Black "Nijboer, Friso"]
[Result "1/2-1/2"]
[WhiteElo "2427"]
[BlackElo "2551"]
[EventDate "2001.08.10"]
[PlyCount "68"]

1.e4 c5 2.Nf3 Nc6 3.d4 cxd4 4.Nxd4 Nf6 5.Nc3 d6 6.Bg5 e6 7.Qd2 a6 8.O-O-O 
Bd7 9.f4 h6 10.Bh4 g5 11.fxg5 Ng4 12.Be2 Nge5 13.Nf3 Be7 14.Rhg1 b5 15.
Rdf1 b4 16.Nd1 Rb8 17.Kb1 a5 18.Nf2 a4 19.Nd3 Nc4 20.Qc1 e5 21.g3 hxg5 22.
Bxg5 f6 23.Bh6 Be6 24.Nf2 Na3+ 25.Ka1 Qc7 26.bxa3 Rxh6 27.c3 b3 28.axb3 
Rxb3 29.Nd1 d5 30.Qxh6 Qb6 31.Nb2 Rxb2 32.Rb1 Bxa3 33.Qxf6 Ne7 34.Ng5 Qb3 
1/2-1/2

[Event "9th Lost Boys op"]
[Site "Amsterdam NED"]
[Date "2001.08.14"]
[Round "5"]
[White "Wintzer, Joachim"]
[Black "Shchekachev, Andrei"]
[Result "0-1"]
[WhiteElo "2378"]
[BlackElo "2546"]
[EventDate "2001.08.10"]
[PlyCount "150"]

1.c4 Nf6 2.Nc3 e5 3.e3 Be7 4.Nf3 Nc6 5.d4 exd4 6.Nxd4 O-O 7.Be2 d5 8.Nxc6 
bxc6 9.O-O Bd6 10.cxd5 cxd5 11.b3 c6 12.Bb2 Qc7 13.g3 Bh3 14.Re1 Rfe8 15.
Rc1 Qd7 16.Na4 Ne4 17.f3 Ng5 18.Nc5 Qf5 19.Bd4 Rac8 20.Rc2 Qg6 21.Bf1 
Nxf3+ 22.Qxf3 Qxc2 23.Bxh3 Bxc5 24.Bf5 Qd2 25.Rd1 Qa5 26.Bxc8 Bxd4 27.exd4
Rxc8 28.Qe2 g6 29.Rc1 Qc7 30.Kg2 Qd6 31.Re1 Qb4 32.Rd1 Qc3 33.Rd3 Qb4 34.
Rd1 h5 35.Qe3 Qa3 36.Rd2 Qc1 37.Qe2 Qc3 38.Rd3 Qb4 39.Rd1 Qc3 40.Rd3 Qc1 
41.Rd1 Qg5 42.Re1 h4 43.Rf1 Kg7 44.Rf4 hxg3 45.hxg3 Rh8 46.Qe3 Qh5 47.Rh4 
Qf5 48.Rxh8 Kxh8 49.Qh6+ Kg8 50.Qd2 Qe4+ 51.Kf2 Kg7 52.Qc3 Kh6 53.Qd2+ Kh5
54.Qd1+ Kg5 55.Qc1+ Kg4 56.Qd1+ Kf5 57.Qd2 g5 58.b4 f6 59.a3 Kg6 60.Qc3 
Kh5 61.Qd2 f5 62.a4 f4 63.Qd1+ g4 64.gxf4 Qxf4+ 65.Kg2 Qe4+ 66.Kh2 Qe3 67.
Qc2 Qxd4 68.Qxc6 Qf2+ 69.Kh1 Qf3+ 70.Kh2 Qf2+ 71.Kh1 d4 72.b5 Kh4 73.Qd6 
Qf1+ 74.Kh2 Qh3+ 75.Kg1 Qg3+ 0-1

[Event "9th Lost Boys op"]
[Site "Amsterdam NED"]
[Date "2001.08.14"]
[Round "5"]
[White "De Vreugt, Dennis"]
[Black "Schuurman, Petra"]
[Result "1-0"]
[WhiteElo "2429"]
[BlackElo "2235"]
[EventDate "2001.08.10"]
[PlyCount "33"]

1.e4 c5 2.Nf3 g6 3.d4 cxd4 4.Qxd4 Nf6 5.e5 Nc6 6.Qf4 Nd5 7.Qe4 Ndb4 8.a3 
d5 9.Qe2 Qa5 10.c3 a6 11.cxb4 Nxb4 12.Nc3 Bf5 13.Nd4 Nd3+ 14.Kd1 Nxc1 15.
Qe3 Qc5 16.Rxc1 Bh6 17.f4 1-0

[Event "9th Lost Boys op"]
[Site "Amsterdam NED"]
[Date "2001.08.14"]
[Round "5"]
[White "Peelen, Piet"]
[Black "Hendriks, Willy"]
[Result "0-1"]
[WhiteElo "2359"]
[BlackElo "2321"]
[EventDate "2001.08.10"]
[PlyCount "258"]

1.d4 Nf6 2.Nf3 c5 3.d5 d6 4.Nc3 g6 5.e4 Bg7 6.Bb5+ Nbd7 7.a4 O-O 8.O-O a6 
9.Be2 Rb8 10.Re1 Ne8 11.Bf4 Nc7 12.a5 b5 13.axb6 Rxb6 14.Na4 Rb8 15.Qd2 
Nf6 16.Bd3 Bg4 17.Qd1 Nb5 18.h3 Bxf3 19.Qxf3 Nd7 20.Qd1 Qc7 21.Ra2 Qb7 22.
Qd2 Rfc8 23.Bf1 Ra8 24.Bh6 Bh8 25.Bg5 Re8 26.c3 Rab8 27.Bf4 Bg7 28.Bg3 Qc7
29.Raa1 Rbd8 30.Rad1 Qb7 31.Bf4 Qc7 32.Bh6 Bh8 33.Bg5 Bg7 34.Kh1 Rb8 35.
Bf4 Qa5 36.Ra1 Qc7 37.Rad1 Qa5 38.Ra1 Qc7 39.Bh6 Bh8 40.Rad1 Qb7 41.Qc2 
Qc7 42.Ra1 Qb7 43.Rad1 Qc7 44.Rd2 Qb7 45.Kg1 Qc7 46.Qd1 Qa5 47.h4 Rb7 48.
h5 Reb8 49.Re3 Nc7 50.Bc4 Ne8 51.f4 Nb6 52.Nxb6 Rxb6 53.hxg6 hxg6 54.Qc1 
Qa4 55.b3 Rxb3 56.Bxb3 Rxb3 57.e5 Ng7 58.exd6 exd6 59.g4 Qd7 60.Qd1 Qb7 
61.Qe2 Rb1+ 62.Kh2 Ne6 63.Qg2 Nc7 64.Bg5 Rb3 65.Qh3 Rb2 66.Ree2 Rxd2 67.
Rxd2 Qb3 68.Be7 Qxc3 69.Qxc3 Bxc3 70.Rd3 Bd4 71.Bxd6 Nxd5 72.Bxc5 Bxc5 73.
Rxd5 Bb4 74.Kg3 Kf8 75.g5 Ke7 76.Kf3 a5 77.Ke4 Ke6 78.Rb5 Bd2 79.Rb6+ Ke7 
80.Ra6 Bb4 81.Kd5 Bd2 82.Ke5 Bc3+ 83.Kd5 Bd2 84.Ra7+ Kf8 85.Ke5 Bc3+ 86.
Kd6 Bd2 87.Ra8+ Kg7 88.Ke5 Bc3+ 89.Ke4 Bb4 90.Rc8 Bd2 91.Rd8 Bb4 92.Kd4 
Bd2 93.Ke4 Bb4 94.Rd7 Bc3 95.Rd3 Bb4 96.Ke5 Be1 97.Rd7 Bc3+ 98.Ke4 Bb4 99.
Ra7 Bc3 100.f5 gxf5+ 101.Kxf5 Kf8 102.Rc7 Bb4 103.Rb7 Bc3 104.Rc7 Bb4 105.
Rd7 Bc3 106.Rd8+ Ke7 107.Rd3 Bb4 108.Re3+ Kf8 109.Re4 Bc3 110.Rc4 Bb4 111.
Re4 Kg7 112.Rc4 Bd2 113.Rc7 Kf8 114.Kf6 Ke8 115.Rc8+ Kd7 116.Ra8 Kc6 117.
Rd8 Be3 118.Re8 Bd2 119.Re2 Bf4 120.Rf2 Be3 121.Re2 Bf4 122.Re4 Bd2 123.
Rd4 Bc3 124.Kxf7 Bxd4 125.g6 a4 126.g7 Bxg7 127.Kxg7 a3 128.Kf6 a2 129.Ke5
a1=Q+ 0-1

[Event "9th Lost Boys op"]
[Site "Amsterdam NED"]
[Date "2001.08.14"]
[Round "5"]
[White "Riemens, Albert"]
[Black "Van der Hoeven, Gert-Jan"]
[Result "1/2-1/2"]
[WhiteElo "2209"]
[BlackElo "2356"]
[EventDate "2001.08.10"]
[PlyCount "64"]

1.e4 d6 2.d4 Nf6 3.Nc3 g6 4.g3 Bg7 5.Bg2 O-O 6.Nge2 e5 7.h3 c6 8.a4 a5 9.
Be3 Na6 10.O-O Be6 11.Qd2 Nb4 12.Rad1 Bc4 13.Rfe1 Re8 14.Qc1 Qc7 15.g4 d5 
16.Ng3 Nxe4 17.Ncxe4 dxe4 18.Bxe4 Nd5 19.Bh6 Bf6 20.b3 Ba6 21.Bxd5 cxd5 
22.dxe5 Bxe5 23.Kg2 Bc3 24.Rxe8+ Rxe8 25.Be3 Qe5 26.Bd2 Bxd2 27.Qxd2 b6 
28.Qd4 Qe6 29.Rd2 Qe1 30.Rd1 Qe6 31.Rd2 Qe1 32.Rd1 Qe6 1/2-1/2

[Event "9th Lost Boys op"]
[Site "Amsterdam NED"]
[Date "2001.08.14"]
[Round "5"]
[White "Lorscheid, Gerhard"]
[Black "Ikonnikov, Viacheslav"]
[Result "0-1"]
[WhiteElo "2319"]
[BlackElo "2552"]
[EventDate "2001.08.10"]
[PlyCount "54"]

1.d4 Nf6 2.c4 c5 3.d5 b5 4.Nf3 g6 5.Qc2 bxc4 6.e4 d6 7.Bxc4 Bg7 8.O-O O-O 
9.Nc3 Ba6 10.Bxa6 Nxa6 11.Qe2 Qb6 12.Nd2 Nb4 13.Nc4 Qa6 14.Bg5 Nc2 15.Qxc2
Qxc4 16.Rad1 Rab8 17.Rfe1 h6 18.b3 Qa6 19.Bd2 Ng4 20.Re2 c4 21.h3 Ne5 22.
Be3 Rfc8 23.Bd4 Rb4 24.Re3 cxb3 25.axb3 Qb7 26.f4 Rxd4 27.Rxd4 Nf3+ 0-1

[Event "9th Lost Boys op"]
[Site "Amsterdam NED"]
[Date "2001.08.14"]
[Round "5"]
[White "Smeets, Jan"]
[Black "Jonkman, Harmen"]
[Result "0-1"]
[WhiteElo "2311"]
[BlackElo "2468"]
[EventDate "2001.08.10"]
[PlyCount "68"]

1.e4 e5 2.Nf3 Nc6 3.d4 exd4 4.Nxd4 Qf6 5.Nxc6 Bc5 6.Qd2 dxc6 7.Nc3 Be6 8.
Na4 Bd6 9.Qe3 Nh6 10.h3 Qe7 11.Bd3 f6 12.f4 Nf7 13.Qf2 h5 14.O-O g5 15.e5 
fxe5 16.f5 Bd7 17.Be4 Qf6 18.Nc5 Bxc5 19.Qxc5 b6 20.Qc3 g4 21.Qg3 gxh3 22.
Qg6 Ke7 23.Rd1 Rad8 24.Be3 hxg2 25.Bf2 h4 26.Re1 Rdg8 27.Qxf6+ Kxf6 28.
Rad1 Bxf5 29.Bxc6 h3 30.Kh2 Ng5 31.Be3 Rd8 32.c3 Rd6 33.Rxd6+ cxd6 34.Rd1 
Rd8 0-1